Atlas del nuevo orden mundial
Gardado en:
| Autor Principal: | |
|---|---|
| Formato: | Libro |
| Idioma: | Lingua castelá |
| Publicado: |
Barcelona, España
Paidós
2004
|
| Series: | Historia Contemporánea,
23 |
| Subjects: | |
| Tags: |
Engadir etiqueta
Sen Etiquetas, Sexa o primeiro en etiquetar este rexistro!
|
MARC
| LEADER | 00000nam a2200000 a 4500 | ||
|---|---|---|---|
| 001 | UCK8012 | ||
| 003 | CL-VaPUC | ||
| 005 | 20240820152622.0 | ||
| 008 | 060105e20040000SP |||||||||||||||||spa|d | ||
| 999 | |c 315849 |d 315847 | ||
| 020 | |a 844931643X | ||
| 040 | |c Pontificia Universidad Católica de Valparaíso | ||
| 082 | 0 | 4 | |a 912 CHA 2004 |2 21 |
| 100 | |a Chaliand, Gérard |e author |9 468500 | ||
| 245 | 1 | 0 | |a Atlas del nuevo orden mundial |
| 260 | |a Barcelona, España |b Paidós |c 2004 | ||
| 300 | |a 127 páginas | ||
| 490 | 0 | |a Historia Contemporánea, |v 23 | |
| 583 | |a last modification |c 20060105 00:00:00 |k Rodrigo Vera | ||
| 650 | 0 | |a Atlas |9 260843 | |
| 650 | 0 | |a Atlas universal |9 441872 | |
| 942 | |c BK |2 ddc | ||
| 945 | |d 20060105 00:00:00 |a jtorresc | ||
| 952 | |0 0 |1 0 |2 ddc |4 0 |6 912_000000000000000_CHA_2004 |7 0 |8 X |9 389667 |a BIBHIS |b BIBHIS |d 2019-11-22 |i 4200659 |l 1 |m 2 |o 912 CHA 2004 |p 4200659 |r 2024-09-27 |s 2024-07-29 |t 1 |w 2019-11-22 |y BK_X |k HIS | ||
| 952 | |0 0 |1 0 |2 ddc |4 0 |6 912_000000000000000_CHA_2004 |7 0 |8 X |9 389668 |a BIBHIS |b BIBHIS |d 2019-11-22 |i 4427734 |o 912 CHA 2004 |p 4427734 |r 2024-01-30 |t 2 |w 2019-11-22 |y BK_X |k HIS | ||